000 00673nas a2200241 4500
001 BR9103841
003 BR-BrBNA
005 20231205092140.0
007 ta
008 230509b bl.|||p| |||| 00| 00por d
040 _aBR-BrBNA
_bpor
_cBiblioteca Nacional de Agricultura
041 _a(Pt)
072 _aP06
100 1 _aCunho, J.A.C.
245 1 _aMetanol: a crise da irresponsabilidade
650 _aMETANOL
650 _aCOMBUSTIVEL
650 _aTOXIDEZ
650 _aINTOXICACAO
773 0 _tCasa da Agricultura (Brazil)
_xISSN 0100-6541
_g(Jan-Mar 1990), v. 12(1) p. 35-36
_wBR9103841
909 _a202311
_bLúcia
_c55
_dLúcia Elande
942 _2AGRIS
_n0
_cANA
999 _c129676
_d129676